000 01116naa a22003017a 4500
001 BR8305288
003 BR-BrBNA
005 20250721143230.0
007 ta
008 250630b bl.|||m| |||| 00| 0 por d
040 _aBR-BrBNA
_bpor
_cBiblioteca Nacional de Agricultura
041 _a(Pt)
072 _aF30
_b0430
090 _aF30 BR8305288
100 1 _aBarreiro Neto, M.B.
100 1 _aFreire, E.C.
100 1 _aCosta, J.N. da
100 1 _aBraga Sobrinho, R.
245 1 _aEfetividade da selecao genealogica sem auto-fecundacao em algodoeiro (Gossypium hirsutum r. Marie Galante Hutch)
500 _aMelhoramento genetico do algodoeiro, v. 1 Campina Grande, PB (Brasil): 1983. p. 29-41 [5 tables; Summaries (En, Pt)] (BR8305288-AMS)
773 0 _tMelhoramento genetico do algodoeiro, v. 1
_wF30 BR8305288
_gCampina Grande, PB (Brasil), 1983. p. 29-41
650 _aALGODAO
650 _aFECUNDACAO
650 _aSELECAO GENETICA
490 _aBoletim de Pesquisa - Centro Nacional de Pesquisa do Algodao (Brazil)
_vno. 13
942 _cAMS
_2AGRIS
909 _a202506
_bLúcia
_c55
_dLúcia Elande
999 _c334554
_d334554